Cost & Works Accounting Ii (Record no. 32331)

MARC details
000 -LEADER
fixed length control field 00420nam a2200169Ia 4500
008 - FIXED-LENGTH DATA ELEMENTS--GENERAL INFORMATION
fixed length control field 220531s9999 xx 000 0 und d
041 ## - LANGUAGE CODE
Language code of text/sound track or separate title eng
082 ## - DEWEY DECIMAL CLASSIFICATION NUMBER
Item number MAH
100 ## - MAIN ENTRY--PERSONAL NAME
Personal name Mahajan Suhas &. Kulkarni Mahesh
9 (RLIN) 56054
245 ## - TITLE STATEMENT
Title Cost & Works Accounting Ii
260 ## - PUBLICATION, DISTRIBUTION, ETC. (IMPRINT)
Place of publication, distribution, etc. Pune
Name of publisher, distributor, etc. Nirali
Date of publication, distribution, etc. 2009
300 ## - PHYSICAL DESCRIPTION
Extent 8.24
542 ## - INFORMATION RELATING TO COPYRIGHT STATUS
Copyright holder 04-04-2010
650 ## - SUBJECT ADDED ENTRY--TOPICAL TERM
Topical term or geographic name as entry element costing
9 (RLIN) 56055
906 ## - LOCAL DATA ELEMENT F, LDF (RLIN)
d 2010-2011
Holdings
Withdrawn status Lost status Source of classification or shelving scheme Damaged status Not for loan Collection code Home library Current library Date acquired Vendor Cost, normal purchase price Total Checkouts Total Holds Full call number Barcode Date last seen Bill Date Koha item type Original Barcode
Withdrawn   Dewey Decimal Classification       Shri Siddhivinayak Mahila Mahavidyalaya Shri Siddhivinayak Mahila Mahavidyalaya 04/04/2010 Nirali 180.00   10 /MAH/B/13331 SSMM-BK-13331 06/08/2022 06/08/2022 Books 010013331